Téka. A székely falu ellenmítosza
Elmentve itt :
| Szerző: | |
|---|---|
| Adatforrás: | Meister |
| Forrásdokumentuma: | Korunk. - 6 sz., 1994, 122 p. |
| Nyelv: | magyar |
| Kulcsszavak: | etnográfia HAJDU Farkas-Zoltán |
| LEADER | 00354nab a2200133 i 4500 | ||
|---|---|---|---|
| 001 | bibPRO00008956 | ||
| 008 | 060524s1994 xx hun | ||
| 040 | |a Sz1 | ||
| 041 | |a hun | ||
| 100 | 1 | |a GAZDA Enikő | |
| 245 | 1 | 0 | |a Téka. A székely falu ellenmítosza |c GAZDA Enikő |
| 695 | |a etnográfia | ||
| 695 | |a HAJDU Farkas-Zoltán | ||
| 773 | 0 | |t Korunk. - |g 6 sz., 1994, 122 p. | |